1180 1503 1090 1486 1981 1497 1630 1716 1806 1879 1979 1942 1509 1246 1901 1201 1902 1837 1353 1676 1449 1563 1863 1511 1534 1197 1337 1640 1892 1460 1993 1873 1365 1887 1031 1052 1735 1560 1895 1265 1460 1941 1601 1643 1468 1284 1765 1354 1866 1849 1802 1378 1516 1133 1009 1840 1862 1267 1362 1956 1013 1289 1396 1908 1883 1159 1657 1221 1476 1584 1754 1956 1204 1078 1133 1395 1273 1925 1327 1932 1588 1896 1629 1417 1472 1591 1425 1843 1770 1195 1954 1050 1275 1897 1808 1813 1919 1640 1826 BCNSPRNW ULIB Ver.6.0+V

เปลี่ยนเป็นภาษาไทย

Change to English
 แสดงรายละเอียดบรรณานุกรม
  กลับหน้าหลัก

Brief Record : Get Marc (ISO 2709) : E-mail record : QR code < ปิดหน้าต่าง
LEADER : 00000nam 2200000uu 4500
001    13399114785
003     ULIB
008    120517s2544||||th 000 0 tha d
020    ^a9744471638
060 04 ^aWY26.5^bร654พ
100 0  ^aรุจา ภู่ไพบูลย์
245 10 ^aพยาบาลสารสนเทศ =^bnursing informatics /^cโดย รุจา ภู่ไพบูลย์, เกียรติศรี สำราญเวชพร
250    ^aพิมพ์ครั้งที่ 2
260    ^aกรุงเทพฯ :^bคณะแพทยศาสตร์โรงพยาบาลรามาธิบดี มหาวิทยาลัยมหิดล,^c2544
300    ^a[10] 168 หน้า ;^c26 ซม.
500    ^aSend to Single Search
504    ^aภาคผนวกและดรรชนี
650  2 ^aNursing
650  4 ^aการพยาบาล
650  4 ^aสารสนเทศ
700 0  ^aเกียรติศรี สำราญเวชพร
710 2  ^aมหาวิทยาลัยมหิดล.^bคณะแพทยศาสตร์โรงพยาบาลรามาธิบดี
945    ^p0^l0^i19085
945    ^p0^l0^i19086
995    ^aกัณชพร
999    ^aใช้งานได้ทุกระบบ
รายการนี้ยังไม่มีแท็ก
คุณยังไม่ได้ล็อกอิน คุณสามารถมีกิจกรรมร่วมกับเว็บไซต์ได้ แต่ต้องล็อกอินก่อน ::
  ล็อกอิน

รายการสื่อสารสนเทศ

ลำดับที่ ประเภท เลขเรียก/บาร์โค้ด สถานที่ สถานะ
1. Book การพยาบาล
Book การพยาบาล
สถานะ=หนังสือเก่า
WY26.5 ร654พ  
  Barcode: 19085
ห้องสมุดวิทยาเขตนครสวรรค์
►หนังสือทั่วไป:l:General Books
บนชั้น
2. Book การพยาบาล
Book การพยาบาล
WY26.5 ร654พ ฉ.2 
  Barcode: 19086
ห้องสมุดวิทยาเขตนครสวรรค์
►หนังสือทั่วไป:l:General Books
บนชั้น

รายการใกล้เคียง
    ผู้แต่ง [รุจา ภู่ไพบูลย์]

    หัวเรื่อง [Nursing]
    หัวเรื่อง [การพยาบาล]
    หัวเรื่อง [สารสนเทศ]

BibComment


ยังไม่เคยถูกคอมเมนท์

คอมเมนท์ทรัพยากรรายการนี้
  คอมเมนท์: พยาบาลสารสนเทศ ..


 Copyright 2026. Bcnsprnw @Library